Filosofía del derecho
Zapisane w:
| 1. autor: | |
|---|---|
| Format: | Książka |
| Język: | hiszpański |
| Wydane: |
Barcelona
Herder
1993
|
| Hasła przedmiotowe: | |
| Etykiety: |
Dodaj etykietę
Nie ma etykietki, Dołącz pierwszą etykiete!
|
MARC
| LEADER | 00000nam a2200000 a 4500 | ||
|---|---|---|---|
| 001 | UCX9185 | ||
| 003 | CL-VaPUC | ||
| 008 | 940519e19930000SP |||||||||||||||||spa|d | ||
| 082 | 0 | 4 | |a 340.1 |b BRI |2 21 |
| 100 | 0 | |a Brieskorn, Norbert |e author |9 326531 | |
| 245 | 1 | 0 | |a Filosofía del derecho |
| 300 | |a 235 p | ||
| 942 | |c BK | ||
| 945 | |d 19940519 00:00:00 |a aalvarez | ||
| 260 | |a Barcelona |b Herder |c 1993 | ||
| 650 | 0 | |a Filosofía del derecho |9 255050 | |
| 650 | 0 | |a Derecho y ética |9 255883 | |
| 583 | |a last modification |c 19940519 00:00:00 |k Rodrigo Vera | ||
| 999 | |c 228498 |d 228496 | ||
| 952 | |0 0 |1 0 |4 0 |6 340_100000000000000_BRI_1993 |7 0 |8 DER_TF |9 228648 |a BIBDER |b BIBDER |d 2019-11-15 |i 2981300 |l 1 |o 340.1 BRI 1993 |p 2981300 |r 2023-01-25 |s 2020-03-17 |w 2019-11-15 |x Ubicación 4to Piso |y BK |z Estos recursos deben solicitarse con anticipación |k DER | ||